Digital logic testing and simulation (Record no. 29122)

MARC details
000 -LEADER
fixed length control field 00422nam a2200181Ia 4500
020 ## - INTERNATIONAL STANDARD BOOK NUMBER
ISBN 0471603651
050 ## - CALL MARK
Classification number TK 7868 .D M49/
100 ## - STATEMENT OF RESPONSIBILITY--MAIN AUTHOR NAME
Personal name Miczo, Alexander
245 #0 - TITLE STATEMENT
Title Digital logic testing and simulation
260 ## - PUBLICATION, DISTRIBUTION, ETC. (IMPRINT)
Place of publication New york
260 ## - PUBLICATION, DISTRIBUTION, ETC. (IMPRINT)
Name of publisher Wiley
260 ## - PUBLICATION, DISTRIBUTION, ETC. (IMPRINT)
Year of publication 1986
300 ## - PHYSICAL DESCRIPTION
Number of Pages 414 p
650 ## - SUBJECT ADDED ENTRY--TOPICAL TERM
Topical Term digital logic
942 ## - ADDED ENTRY ELEMENTS (KOHA)
Koha item type Books
Holdings
Withdrawn status Lost status Source of classification or shelving scheme Damaged status Not for loan Permanent Location Current Location Date acquired Accession Number Price effective from Koha item type
    Library of Congress Classification     NILE UNIVERSITY OF NIGERIA - MAIN LIBRARY NILE UNIVERSITY OF NIGERIA - MAIN LIBRARY 04/23/2025 0000315 04/23/2025 Books